[Event "XII Americas Continental-ch 2017"]
[Site "Medellin"]
[Date "2017.06.11"]
[Round "3"]
[White "Cordova, Emilio"]
[Black "Terry, Renato"]
[Result "1-0"]
[WhiteElo "2651"]
[BlackElo "2454"]
[Annotator "TA"]
[PlyCount "311"]
[EventDate "2017.??.??"]
[EventType "swiss"]
[EventCountry "COL"]
[SourceTitle "playchess.com"]
[Source "ChessBase"]
[SourceQuality "1"]

{[%evp 12,311,26,18,33,32,52,47,64,24,48,40,35,37,38,39,48,49,32,38,51,51,56,67,54,47,57,58,69,67,72,81,69,34,44,0,0,-41,-40,-22,0,0,0,0,-7,0,0,-3,0,0,0,0,0,0,0,0,0,0,0,0,0,0,91,50,43,0,0,0,0,0,18,18,18,18,72,72,114,95,95,31,223,223,223,201,178,79,38,38,38,24,24,24,487,42,39,37,44,16,16,16,16,16,16,16,17,17,25,25,30,31,41,41,41,41,41,41,41,41,41,41,41,41,41,41,41,41,41,25,41,41,41,41,41,41,41,41,41,41,41,41,41,41,41,41,41,41,41,37,39,37,37,29,28,21,21,21,27,29,28,27,27,25,58,58,58,58,58,58,63,63,63,63,63,63,63,63,63,63,63,63,63,63,63,63,65,65,65,65,65,65,65,65,65,65,65,65,65,65,65,65,65,65,65,65,65,65,65,65,65,65,65,65,69,65,71,65,72,65,65,65,65,65,76,81,82,82,83,83,83,83,83,83,83,83,83,83,83,83,83,83,83,83,83,83,83,0,83,83,83,83,83,83,83,76,76,76,76,76,76,76,76,76,76,76,76,76,76,76,76,76,29981,29984,29986,29987,29987,76,76,0,29987,29988,29988,29983,29983,29984,29984,29983,29983,29984,29984,29984,29984,29985,29985,29986,29986,29987,29987,29988,29988,29989,29990,29991]} 1. Nf3 Nf6 2. c4 b6 3. g3 Bb7 4. Bg2 g6 5. d4 Bg7 6. O-O O-O 7. d5 e6 {[%cal Re6d5] A50: Queen's Fianchetto Defence (1 d4 Nf6 2 c4 b6)} 8. Nc3 d6 (8... exd5 9. cxd5 Re8 10. Nd4 c5 11. dxc6 dxc6 12. Bf4 Nh5 13. Be3 Qd7 14. Nb3 Qe7 15. Qd2 Nd7 {0-1 (70) Inarkiev,E (2732)-Hou,Y (2658) Petropavlovsk Kamchatsky 2016}) 9. Rb1 $146 ({Predecessor:} 9. e4 Nbd7 10. Nd4 Qe8 11. dxe6 Nc5 12. Nd5 Nxd5 13. cxd5 fxe6 {1-0 (44) Maletin,P (2587)-Nozdrachev,V (2485) Voronezh 2015}) 9... Re8 {White is slightly better.} 10. b4 a5 11. a3 axb4 12. axb4 exd5 13. cxd5 Ne4 14. Nxe4 Rxe4 15. e3 Nd7 16. Nd4 Re8 17. Bb2 Ba6 18. Re1 Ne5 $1 19. b5 Bb7 20. Nc6 Nxc6 21. bxc6 Ba6 22. Bxg7 Kxg7 23. Ra1 Qf6 24. Ra4 (24. Ra3 $5 {[%cal Rd1a1]} Bc4 25. Qc1 $11) 24... Bb5 25. Rb4 Ra5 26. Qb3 $1 Ra1 27. Rxa1 Qxa1+ 28. Qb1 Qxb1+ 29. Rxb1 $11 {[%mdl 4096] Endgame KRB-KRB} Bd3 30. Ra1 f5 31. Ra7 Re7 $1 32. f4 Bc4 33. Kf2 h5 34. h3 Kf7 35. Bf3 Kg7 36. Ra4 Bb5 (36... b5 $11 {keeps the balance.} 37. Ra8 Kf6) 37. Rb4 $1 $16 {[%cal Rb4b5]} Bd3 38. g4 hxg4 39. hxg4 fxg4 40. Bxg4 Re4 41. Rb3 Bc2 42. Rc3 Ba4 (42... Bb1 $1 $11) 43. Bf3 $1 {[%cal Rf3e4]} Rb4 44. e4 Kf6 45. Re3 (45. Rc1 $1 $16) 45... g5 $2 (45... Rb2+ $14 46. Kg3 Bb3) 46. e5+ $18 dxe5 47. fxe5+ Ke7 48. Re1 (48. Rd3 $18 {and White stays clearly on top.}) 48... Rf4 $16 {White must now prevent ...g4.} 49. Kg3 {And now Bg4 would win.} Bb3 $1 50. Re3 Bc4 51. Ra3 Rd4 $2 {[%mdl 8192]} (51... Rxf3+ $1 $11 {and Black stays safe.} 52. Rxf3 (52. Kxf3 Bxd5+ 53. Ke3 Ke6 $11) 52... Bxd5) 52. d6+ $2 (52. Ra7 $1 $18 {[%cal Ra7c7]} Bxd5 53. Rxc7+ Ke8 54. Bh5+ Kd8 55. Rd7+ Kc8 56. e6 $1 {[%mdl 512]} Rd3+ 57. Kf2) 52... cxd6 $14 53. Ra7+ Ke6 $1 54. Ra8 Kxe5 55. Bg4 {aiming for c7.} Rd3+ 56. Kf2 Rc3 {Threatens to win with ...Bd5.} 57. c7 Be6 58. Re8 Rxc7 {Strongly threatening ...Rf7+.} 59. Rxe6+ $11 {KRB-KR} Kd5 {...Rc4 is the strong threat.} 60. Rg6 Rc2+ 61. Be2 Kc5 62. Rxg5+ d5 63. Ke3 Rc3+ 64. Bd3 Ra3 65. Rg8 Kd6 66. Kd4 Ra4+ 67. Kc3 Ra3+ 68. Kc2 Kc5 69. Rg4 Ra2+ 70. Kb3 Rd2 71. Kc3 Rh2 72. Rg8 Rh3 73. Rc8+ Kd6 74. Kd2 Rh2+ 75. Be2 Rh3 76. Bd1 Rg3 77. Ba4 Ra3 78. Be8 Rb3 79. Bf7 Rf3 80. Bg8 Rg3 81. Ke2 Rg7 82. Ke3 b5 83. Rd8+ Ke7 84. Ra8 Kd6 85. Kd4 Rg4+ 86. Kc3 Rg7 87. Kb4 Rg2 88. Bh7 Rb2+ 89. Kc3 Rh2 90. Bd3 Rh3 91. Rb8 Kc6 92. Kd2 Rh2+ 93. Be2 Rg2 94. Ke3 Rg3+ 95. Kd4 Rb3 96. Bd3 Rb4+ 97. Kc3 Rh4 98. Bxb5+ Kc5 99. Bf1 Rg4 100. Rc8+ Kd6 101. Be2 Rh4 102. Kd3 Rh3+ 103. Kd4 Rh4+ 104. Ke3 Re4+ 105. Kd3 Ra4 106. Bd1 Rb4 107. Rh8 Kc5 108. Bf3 Rb3+ 109. Ke2 Rb2+ 110. Ke3 Rb3+ 111. Kf4 Kd4 112. Rh1 Rc3 113. Rb1 Ra3 114. Be2 Kc5 115. Rc1+ Kd6 116. Bb5 Rb3 117. Rc6+ Ke7 118. Rb6 Rb1 119. Ke5 {White wants to mate with Rb7+.} Re1+ 120. Kxd5 Rh1 121. Bd3 Rh5+ 122. Kd4 Rg5 123. Be4 Rh5 124. Ra6 Rg5 125. Bd5 Rh5 126. Re6+ Kd7 127. Rf6 Ke7 128. Re6+ Kd7 129. Kc5 Rf5 130. Rh6 Ke7 131. Rg6 Rh5 132. Kc6 Rf5 133. Re6+ Kf7 134. Rd6+ Kg7 135. Kd7 Re5 136. Bc4 Re4 137. Be6 Re5 138. Ke7 Kg6 139. Rd4 Kg5 140. Kf7 Ra5 $2 {[%mdl 8192]} (140... Re3 $16) 141. Rg4+ $1 Kh5 142. Kf6 Ra8 143. Rg5+ $2 (143. Rc4 {mates} Ra6 144. Rc8 Rxe6+ 145. Kxe6 Kg4 146. Rf8 Kg5 147. Rf5+ Kg4 148. Kf6) 143... Kh4 $16 144. Rg4+ (144. Rg7 $5 {[%cal Rg7g4]} Ra4 145. Bc8 $14) 144... Kh5 145. Rd4 {White mates.} Ra6 146. Rd5+ Kh6 147. Rd8 {[%cal Rd8h8]} Ra7 148. Rd3 {[%cal Rd3h3]} Ra5 149. Rg3 Rb5 150. Rg8 {[%cal Rg8h8]} Rb7 151. Rg6+ Kh5 152. Rg5+ Kh4 {[#]} 153. Rg4+ $1 Kh5 154. Ra4 Rb6 155. Ra8 {[%cal Ra8h8]} Kh4 {[#]} 156. Ra3 $1 {Precision: White = 75%, Black = 68%.} 1-0

[Event "XII Americas Continental-ch 2017"]
[Site "Medellin"]
[Date "2017.06.11"]
[Round "3"]
[White "Kovalyov, Anton"]
[Black "Pulvett Marin, Daniel"]
[Result "1/2-1/2"]
[WhiteElo "2643"]
[BlackElo "2437"]
[Annotator "TA"]
[PlyCount "65"]
[EventDate "2017.??.??"]
[EventType "swiss"]
[EventCountry "COL"]
[SourceTitle "playchess.com"]
[Source "ChessBase"]
[SourceQuality "1"]

{[%evp 19,65,39,135,90,100,93,104,106,89,69,74,67,72,79,65,72,68,70,92,13,12,16,44,27,35,41,47,46,47,47,47,47,47,47,47,47,47,47,47,44,45,45,47,39,39,39,50,50]} 1. c4 e6 2. g3 Nf6 3. Bg2 d5 4. Nf3 c5 5. cxd5 exd5 6. d4 Nc6 7. O-O Be7 8. Nc3 O-O 9. dxc5 d4 10. Na4 Bg4 ({Better is} 10... Bf5 $1 $14) 11. a3 {D34: Tarrasch Defence: 6 g3 Nf6 7 Bg2 Be7} Ne4 12. b4 {And now b5 would win.} Bf6 13. Bb2 {White is better.} Re8 $146 ({Predecessor:} 13... Qe7 14. b5 Na5 15. Bxd4 Bxd4 16. Qxd4 Nb3 17. Qe5 Rfe8 18. Qxe7 Rxe7 {½-½ (64) Chashchev,S (2311)-Kozlitin,O (2229) Krasnodar 2001}) 14. h3 Bxf3 15. exf3 Nc3 16. Bxc3 dxc3 17. Rc1 Qd2 {With the idea ...Rad8.} 18. b5 {[%cal Bb4b5,Bb5c6,Bc6c7][%mdl 32]} Na5 19. f4 (19. Rc2 $16 Qxd1 20. Rxd1) 19... Rad8 $11 20. c6 bxc6 21. bxc6 Qxd1 22. Rfxd1 {White is slightly better.} Rxd1+ 23. Rxd1 {Strongly threatening c7.} Rc8 24. Nxc3 $1 Bxc3 {[#]} 25. c7 $1 {[%mdl 512] Rd8+ would kill now.} Bf6 (25... Rxc7 26. Rd8#) 26. Rb1 {[%mdl 1024] Hoping for Rb8. White has compensation.} Nc4 27. Rb8 Nd6 28. Bb7 Rf8 29. Ba6 Be7 30. a4 g6 31. Kf1 Kg7 32. Ke2 Nc8 33. Rxc8 {Precision: White = 82%, Black = 78%.} 1/2-1/2

[Event "XII Americas Continental-ch 2017"]
[Site "Medellin"]
[Date "2017.06.11"]
[Round "3"]
[White "Delgado Ramirez, Neuris"]
[Black "Panesso Rivera, Henry"]
[Result "1-0"]
[WhiteElo "2613"]
[BlackElo "2421"]
[Annotator "TA"]
[PlyCount "89"]
[EventDate "2017.??.??"]
[EventType "swiss"]
[EventCountry "COL"]
[SourceTitle "playchess.com"]
[Source "ChessBase"]
[SourceQuality "1"]

{[%evp 9,89,0,35,41,50,26,31,29,60,36,35,10,9,14,33,24,41,36,36,28,53,46,50,45,45,39,54,5,41,4,10,8,7,2,13,0,10,0,19,19,51,41,68,38,55,40,70,25,77,77,66,92,55,58,220,222,214,218,207,220,214,211,323,309,383,382,331,287,832,693,1383,1381,29977,29978,29978,29979,29975,29979,29979,29980,29972,1579]} 1. e4 c5 2. g3 d5 3. exd5 Qxd5 4. Nf3 Bg4 5. Bg2 Qe4+ (5... Qe6+ 6. Kf1 Nc6 7. h3 Bh5 8. d3 Nf6 9. Nc3 Rd8 10. Kg1 Qc8 11. Kh2 e6 12. Bf4 Be7 13. Re1 O-O 14. Qc1 Nd4 15. Ne5 Nd7 16. g4 Nxe5 17. Bxe5 {1-0 (61) Mamedov,R (2688)-Najer,E (2679) Doha 2016}) 6. Kf1 $1 {B20: Sicilian: Unusual White 2nd moves} Nc6 7. Nc3 Qe6 8. h3 {White is slightly better.} Bf5 $146 ({Predecessor:} 8... Bh5 9. d3 Nf6 10. Be3 c4 11. g4 Bg6 12. Ng5 Qe5 13. d4 {0-1 (24) Belamaric,G (2251)-Orenda,O (2146) Croatia 2010}) 9. d3 (9. Nh4 {feels hotter.} Qd7 10. Nxf5 Qxf5 11. Bxc6+ bxc6 12. d3) 9... Qd7 10. Be3 e6 11. Nh4 Bg6 12. Nxg6 hxg6 13. Ne4 b6 14. h4 Rc8 15. h5 Rxh5 16. Rxh5 gxh5 17. Qxh5 Nf6 18. Qd1 (18. Nxf6+ {is interesting.} gxf6 19. Rd1 Bg7 20. c3 Kf8 21. Kg1) 18... Nxe4 19. Bxe4 g6 20. c3 Bg7 21. Qe2 Ne7 22. Rd1 Nd5 23. Bd2 b5 24. a3 Nf6 25. Bf3 a5 26. Kg1 (26. d4 $5) 26... Kf8 27. c4 a4 28. Be3 Ne8 (28... Kg8 $11) 29. d4 $16 cxd4 30. cxb5 e5 31. Bc6 $36 {[%mdl 2048] White has good play.} Rxc6 $2 (31... Qe6 $1 $14) 32. bxc6 $18 Qxc6 {[#]} 33. Bd2 $1 Kg8 34. Rc1 Qb7 35. Bb4 f5 (35... Bh6 {was worth a try.}) 36. Qc4+ Kh7 37. Qe6 Nf6 38. Rc6 Qb5 $2 (38... d3 39. Bc3 d2 40. Bxd2 Qxb2) 39. Rc7 {[#] Threatening mate with Qxf6.} Nh5 {and the idea ...Qe2 leaves Black hopeful.} 40. Bf8 {Intending Rxg7+! and mate.} Qe2 41. Rxg7+ {White mates.} Nxg7 42. Qe7 {[%csl Gf8][%cal Re7g7]} Qe1+ 43. Kg2 {[%csl Gf8][%cal Re7g7]} Qe4+ 44. Kh2 {[%csl Gf8][%cal Re7g7]} Kh6 45. Bxg7+ {Precision: White = 72%, Black = 25%.} (45. Qxg7+ $142 Kg5 46. Qh8 d3 47. Be7+ Kg4 48. Qh3+ Kf3 49. Qg2+ Ke2 50. f3+ Kd1 51. fxe4) 1-0

[Event "XII Americas Continental-ch 2017"]
[Site "Medellin"]
[Date "2017.06.11"]
[Round "3"]
[White "Pichot, Alan"]
[Black "Fernandez, Fernando"]
[Result "1/2-1/2"]
[WhiteElo "2577"]
[BlackElo "2416"]
[Annotator "TA"]
[PlyCount "47"]
[EventDate "2017.??.??"]
[EventType "swiss"]
[EventCountry "COL"]
[SourceTitle "playchess.com"]
[Source "ChessBase"]
[SourceQuality "1"]

{[%evp 13,47,8,14,0,27,18,18,8,10,21,4,-8,0,-10,0,0,0,-6,-12,-21,-23,-66,-70,-57,-31,-33,-26,-26,-15,-15,-16,-22,0,0,0,0]} 1. e4 c5 2. Nf3 {[%cal Bg1f3,Bf3d4,Bd4e2,Be2c3,Bc3d5][%mdl 32]} d6 3. d4 cxd4 4. Nxd4 Nf6 5. Nc3 a6 6. h3 e5 7. Nde2 b5 8. Bg5 {B90: Sicilian Najdorf: Unusual White 6th moves, 6 Be3 Ng4 and 6 Be3 e5} (8. Ng3 Qc7 9. Bd3 Be6 10. O-O Nbd7 11. f4 Be7 12. Qf3 O-O 13. Kh1 Qc6 14. f5 Bc4 15. Bg5 Rac8 {1-0 (41) Ragger,M (2697)-Xiong,J (2667) Wijk aan Zee 2017}) 8... Nbd7 9. Nd5 Bb7 10. Nec3 Rc8 11. Be2 Be7 {[%cal Bf8e7,Be7f6,Bf6b2,Bb2c3][%mdl 32]} 12. Bxf6 Nxf6 13. a4 b4 $1 {[%cal Rb4c3]} 14. Nxf6+ Bxf6 15. Nd5 O-O {[#]} 16. a5 $146 Rc5 {aiming for ...Bxd5.} 17. Ra4 Bxd5 $1 18. exd5 e4 19. O-O Bxb2 {[#] And now ...Bc3 would win.} 20. Rxb4 Bc3 21. Rxe4 {The position is equal.} Qxa5 22. Qd3 Rxd5 23. Qxa6 Qxa6 24. Bxa6 {Precision: White = 45%, Black = 70%.} 1/2-1/2

[Event "XII Americas Continental-ch 2017"]
[Site "Medellin"]
[Date "2017.06.11"]
[Round "3"]
[White "Peralta, Fernando"]
[Black "Prasca Sosa, Rafael Felipe"]
[Result "1-0"]
[WhiteElo "2569"]
[BlackElo "2400"]
[Annotator "TA"]
[PlyCount "87"]
[EventDate "2017.??.??"]
[EventType "swiss"]
[EventCountry "COL"]
[SourceTitle "playchess.com"]
[Source "ChessBase"]
[SourceQuality "1"]

{[%evp 20,87,6,8,9,13,16,9,16,17,42,8,39,37,38,28,46,47,30,24,54,56,65,63,83,91,95,93,47,40,208,213,216,218,253,227,231,242,247,252,442,272,445,367,446,446,349,443,411,381,467,469,468,432,526,525,525,473,629,625,800,791,1260,1239,4814,4814,4814,4770,4578,4133]} 1. d4 d5 2. c4 e6 3. Nc3 Nf6 4. cxd5 exd5 5. Bg5 c6 6. Qc2 Na6 {[%cal Bb8a6,Ba6c7,Bc7e6][%mdl 32]} 7. e3 Nc7 8. Bd3 Ne6 9. Bh4 Be7 10. Nge2 g6 11. O-O Nh5 {D36: Queen's Gambit Declined: Exchange Variation: Main line (5 Bg5 c6 6 Qc2)} 12. Bxe7 Qxe7 13. Qd2 O-O {The position is equal.} 14. f3 f5 {[#]} 15. Rab1 $146 ({Predecessor:} 15. e4 fxe4 16. fxe4 dxe4 17. Bc4 Bd7 18. Nxe4 Rxf1+ 19. Rxf1 Rf8 20. Re1 {1-0 (30) Narciso Dublan,M (2551)-Campora,D (2493) Navalmoral 2012}) 15... b6 16. b4 Bb7 17. Rfe1 Rad8 18. a4 Rf7 19. a5 b5 20. Bc2 Nf6 21. Nf4 Ne8 22. Nxe6 Qxe6 {[#]} 23. e4 $1 fxe4 24. fxe4 Nd6 $2 (24... Qd7 $14) 25. exd5 $18 Qg4 26. dxc6 Bxc6 {[#] Hoping for ...Nc4.} 27. Bb3 $1 {[%cal Rb3f7]} Nc4 28. Bxc4 $1 bxc4 29. d5 Rfd7 $2 (29... Bd7 30. Re4 Qh5 31. Rxc4 Rdf8) 30. Ne4 {Black must now prevent Nf6+.} Rf7 $2 (30... Rf8 31. Qd4 Qf5) 31. Qg5 Qxg5 32. Nxg5 Rxd5 33. Nxf7 Kxf7 {[%mdl 4096] Endgame KRR-KRB} 34. Rbd1 Rg5 35. g3 {White is clearly winning.} a6 36. Re3 Kg7 37. Re7+ Kf6 38. Rc7 Bd5 39. Rc5 Ke6 40. b5 axb5 41. a6 {[%cal Ba5a6,Ba6a7][%mdl 32]} Bf3 42. Rxg5 Bxd1 43. a7 Bf3 44. Rxb5 {Precision: White = 86%, Black = 29%.} 1-0

[Event "XII Americas Continental-ch 2017"]
[Site "Medellin"]
[Date "2017.06.11"]
[Round "3"]
[White "Cruz, Cristhian"]
[Black "Ynojosa Aponte, Felix Jose"]
[Result "1-0"]
[WhiteElo "2558"]
[BlackElo "2395"]
[Annotator "TA"]
[PlyCount "64"]
[EventDate "2017.??.??"]
[EventType "swiss"]
[EventCountry "COL"]
[SourceTitle "playchess.com"]
[Source "ChessBase"]
[SourceQuality "1"]

{[%evp 31,64,0,0,0,0,0,0,0,0,0,0,-4,-14,0,0,0,0,0,44,0,0,0,0,0,0,0,0,0,5,24,9,0,8,0,106]} 1. d4 Nf6 2. c4 e6 3. Nc3 d5 4. Nf3 c6 5. Bg5 dxc4 6. e4 b5 7. e5 h6 8. Bh4 g5 9. Nxg5 hxg5 10. Bxg5 Nbd7 11. exf6 Bb7 12. g3 c5 13. d5 Bh6 14. Bxh6 Rxh6 15. Bg2 b4 {D44: Semi-Slav: Botvinnik System} (15... Nxf6 16. Nxb5 Qa5+ 17. Nc3 O-O-O 18. Qa4 Qxa4 19. Nxa4 Nd7 20. O-O-O Ne5 21. Nxc5 Bxd5 22. Bxd5 exd5 23. Rhe1 {1-0 (47) Fier,A (2619)-Ali Marandi,C (2473) Dubai 2016}) 16. Ne4 Nxf6 {LiveBook: 6 Games} 17. Qd2 Rh5 $146 ({Predecessor:} 17... Rg6 18. Qe2 Bxd5 19. O-O Nxe4 20. Bxe4 Bxe4 21. Qxe4 Qd5 22. Qh4 Qd4 23. Qh5 {0-1 (37) Stroemmesen,T-Romsdal,T (2204) Narvik 2000}) 18. Qf4 Nxe4 19. dxe6 $1 {[%csl Ge6][%cal Rf4f7] [#]} f5 {aiming for ...Qd6.} (19... f6 $5 20. O-O $8 {[#]} Nxg3 $1 {[%mdl 512]} 21. fxg3 Bxg2 22. Kxg2 Qd5+ 23. Rf3 Qxe6 24. Qxf6 Qxf6 25. Rxf6 O-O-O $11) 20. Rd1 $1 {[%cal Rd1d8]} Qf6 $1 {[%csl LRb2,LRe6]} 21. O-O {Hoping for Qc7.} Rh7 $1 {...Qh6 is the strong threat.} ({Wrong is} 21... Qxe6 $2 22. f3 $18) 22. h4 $1 c3 23. Rfe1 $1 {[%cal Rg2e4]} Qf8 ({Don't go for} 23... cxb2 $2 24. Bxe4 Bxe4 25. Rxe4 $18) 24. bxc3 bxc3 {[%cal Bb4c3,Bc3c2][%mdl 32]} 25. f3 c2 26. Rd7 Rxd7 27. exd7+ Kxd7 {And now ...Nxg3! would win.} 28. fxe4 Bxe4 29. Bxe4 fxe4 30. Qxe4 $11 {KQR-KQR} Re8 31. Qb7+ Kd6 (31... Kd8 $5 {[%cal Re8e1]} 32. Rxe8+ Qxe8 33. Qb8+ Ke7 34. Qe5+ Kd8 35. Qg5+ Kc7 36. Qf4+ Kb6 37. Qf6+ Kc7 38. Qf4+ Kb7 39. Qf3+ Kc7 40. Qf4+ $11) 32. Qa6+ Kd5 (32... Kd7 $11 33. Qb7+ (33. Qxa7+ Kc6 $11) 33... Kd8 34. Qb8+ Kd7 35. Qb7+ (35. Qxa7+ Kc6 $11)) 1-0

[Event "XII Americas Continental-ch 2017"]
[Site "Medellin"]
[Date "2017.06.11"]
[Round "3"]
[White "Bacallao Alonso, Yusnel"]
[Black "Cori Quispe, Kevin Joel"]
[Result "1/2-1/2"]
[WhiteElo "2554"]
[BlackElo "2390"]
[Annotator "TA"]
[PlyCount "86"]
[EventDate "2017.??.??"]
[EventType "swiss"]
[EventCountry "COL"]
[SourceTitle "playchess.com"]
[Source "ChessBase"]
[SourceQuality "1"]

{[%evp 15,86,21,26,12,19,26,54,43,43,45,82,79,88,55,66,49,45,20,24,16,42,33,60,41,62,60,101,70,96,53,62,48,53,19,42,15,27,0,11,0,45,20,71,79,70,47,50,40,95,96,87,0,0,0,0,0,0,0,0,-5,0,0,0,0,0,0,3,3,3,3,5,5,7]} 1. d4 Nf6 2. c4 g6 3. Nc3 d5 4. e3 Bg7 5. Qb3 c6 6. Nf3 O-O 7. Bd2 dxc4 8. Bxc4 Nbd7 9. O-O {D95: Grünfeld: 4 Nf3 Bg7 5 e3 0-0 6 Qb3} Nb6 (9... b5 $5 {[%cal Rb5c4]} 10. Be2 a5 $14) 10. Be2 Be6 11. Qc2 {White is slightly better.} Bc4 12. Rfd1 Nfd7 $146 ({Predecessor:} 12... Bxe2 13. Nxe2 Qd5 14. Nc3 Qh5 15. e4 Rad8 16. h3 e5 17. dxe5 {½-½ (38) Sbarra,M (2256)-Skembris,S (2475) Milan 2009}) 13. e4 Re8 14. a4 a5 15. Be1 Bxe2 16. Qxe2 Qb8 17. Rac1 Qa7 18. b3 Qa6 19. Qe3 Rac8 20. h3 h6 21. d5 Nf8 22. dxc6 bxc6 23. Ne2 c5 24. Nf4 c4 25. e5 cxb3 {White must now prevent ...g5.} 26. Qxb3 Nc4 27. Qd3 Rc6 28. Qe4 (28. e6 $5) 28... Rc5 (28... e6 $11 {keeps the balance.}) 29. Rd5 $16 Rec8 30. Rxc5 (30. Qd3 $5 {[%cal Rd5c5]} g5 31. Rxc5 Rxc5 32. Nd5 $14) 30... Rxc5 31. Qd4 Qc6 (31... Rc8 $14) 32. Nd3 Ne6 33. Qg4 (33. Qc3 $16 Rd5 34. Qxc4 Qxc4 35. Rxc4 Rxd3 36. Bxa5) 33... Ne3 $1 $11 {[%cal Re3g4] The position is equal.} 34. Rxc5 Nxc5 35. Qd4 Nxd3 36. Qxd3 Nc4 37. Bc3 Qxa4 {[#]} 38. e6 $1 {[%mdl 512]} Bxc3 (38... fxe6 39. Qxg6) 39. exf7+ Kxf7 40. Qxc3 Qd1+ 41. Kh2 Qd6+ 42. g3 Nb6 43. Qxa5 Kg7 {Precision: White = 54%, Black = 36%.} 1/2-1/2

[Event "XII Americas Continental-ch 2017"]
[Site "Medellin"]
[Date "2017.06.11"]
[Round "3"]
[White "Vasquez Schroeder, Rodrigo"]
[Black "Duran Vega, Sergio"]
[Result "1-0"]
[WhiteElo "2553"]
[BlackElo "2408"]
[Annotator "TA"]
[PlyCount "53"]
[EventDate "2017.??.??"]
[EventType "swiss"]
[EventCountry "COL"]
[SourceTitle "playchess.com"]
[Source "ChessBase"]
[SourceQuality "1"]

{[%evp 21,53,0,-9,-20,-8,-14,22,0,0,-13,5,1,6,18,27,13,88,91,243,224,322,329,411,393,400,374,357,308,298,298,387,387,467,378]} 1. d4 Nf6 2. c4 e6 3. Nf3 d5 4. e3 c5 5. Nc3 Nc6 6. a3 a6 7. b3 b6 8. Bb2 {D40: Queen's Gambit Declined: Semi-Tarrasch with 5 e3} cxd4 9. exd4 Bb7 $146 ({Predecessor:} 9... Be7 10. Rc1 Bb7 11. Be2 O-O 12. O-O Rc8 13. Re1 Re8 14. Bf1 Bf8 15. Ne5 Na5 {0-1 (36) Indjic,D (2350)-Padevsky,N (2435) Stara Pazova 1982}) 10. Be2 Be7 11. O-O O-O {LiveBook: 4 Games} 12. Na4 dxc4 13. bxc4 Rc8 14. Rc1 Na5 15. Ne5 Nd7 16. Nxd7 $1 Qxd7 17. d5 $36 {[%mdl 2048] White is more active.} Qd6 {[%cal Re6d5]} 18. Bd4 ({Much worse is} 18. Qd4 Bf6 $17) 18... exd5 (18... Bd8 $11 {keeps the balance.}) 19. Nxb6 $16 Rcd8 $2 {[#]} (19... dxc4 $16 20. Nxc8 Rxc8) 20. cxd5 $18 Bxd5 (20... Bg5 {keeps fighting.}) 21. Bc5 Qe6 22. Bxe7 Qxb6 23. Bxd8 Rxd8 24. Rb1 Qf6 {With the idea ...Bxg2.} 25. Qa4 Nc6 {and the idea ...Nd4 leaves Black hopeful.} 26. Rfd1 Qe6 {[#]} 27. Rxd5 $1 {[%mdl 512] Precision: White = 45%, Black = 24%.} 1-0

[Event "XII Americas Continental-ch 2017"]
[Site "Medellin"]
[Date "2017.06.11"]
[Round "3"]
[White "Ramirez, Alejandro"]
[Black "Umetsubo, Cesar Hidemitsu"]
[Result "1-0"]
[WhiteElo "2552"]
[BlackElo "2381"]
[Annotator "TA"]
[PlyCount "80"]
[EventDate "2017.??.??"]
[EventType "swiss"]
[EventCountry "COL"]
[SourceTitle "playchess.com"]
[Source "ChessBase"]
[SourceQuality "1"]

{[%evp 17,80,24,37,36,72,68,49,55,106,90,130,130,116,118,126,107,139,79,92,91,87,36,58,52,62,42,51,22,36,0,0,0,0,-16,0,-8,72,71,81,73,90,103,149,117,179,166,709,698,587,597,590,550,556,534,558,449,557,402,396,391,349,358,1183,1191,1393]} 1. c4 e6 2. Nf3 Nf6 3. g3 d5 4. b3 Be7 5. Bg2 O-O 6. O-O Nbd7 7. Bb2 c6 8. d3 a5 9. Nc3 {A14: English Opening: 1...e6 with b3 by White} Nc5 {LiveBook: 9 Games} 10. Rb1 (10. Qc2 Qb6 11. Rac1 Re8 12. Ba3 Ncd7 13. Bb2 Nc5 14. Ba3 Ncd7 15. Bxe7 Rxe7 {½-½ (70) Hera,I (2567)-Malakhatko,V (2526) Bad Homburg 2012}) 10... Qb6 11. Qc2 {White is better.} Rd8 12. d4 $146 ({Predecessor:} 12. e4 Nxd3 13. Na4 Qc7 14. Bxf6 Nb4 15. Be5 Qxe5 16. Nxe5 Nxc2 17. cxd5 cxd5 18. exd5 {1-0 (29) Ilijc,M (2380)-Preker,H Lugano 1982}) 12... Nce4 ({Black should try} 12... Ncd7 $14) 13. Na4 Qa6 14. c5 Nd7 15. Ne5 Nef6 16. f4 Nxe5 17. fxe5 ({White should play} 17. dxe5 Nd7 18. Bd4) 17... Nd7 $16 18. Bh3 Rf8 19. Rbc1 (19. e4 $16) 19... b5 20. Nc3 {[%cal Ba4c3,Bc3d1,Bd1e3,Be3g2,Bg2f4][%mdl 32]} f5 21. Rf3 (21. exf6 $5 Nxf6 22. e4 $16) 21... Qa7 22. Kh1 b4 23. Nd1 a4 24. Rb1 Ba6 25. Ne3 a3 26. Bc1 g6 (26... Bxc5 $11 27. dxc5 Qxc5) 27. Bf1 Rac8 28. Ng2 Nxe5 29. dxe5 Bxc5 30. Bh6 Rfd8 (30... Rf7 $16 {was called for.} 31. Nf4 Bb6) 31. Nf4 $18 Kf7 $2 (31... Be3 32. Bg5 (32. Nxe6 Bxh6 33. Nxd8 Rxd8 $16) 32... Re8) 32. Bh3 {[%cal Bf1h3,Bh3f5,Bf5d3][%mdl 32]} Be3 33. Nxe6 Bxh6 34. Nxd8+ Rxd8 {[#]} 35. Bxf5 $1 {[%mdl 512]} Kg8 (35... gxf5 36. Qxf5+) 36. Qxc6 {Hoping for Qf6.} Bg7 37. Bd3 Bc8 38. e6 {[%cal Be5e6,Be6e7][%mdl 32]} Qe7 39. Rf7 Qd6 $2 (39... Qxe6 40. Qc7 Qxf7 41. Qxd8+ Qf8 42. Qxd5+ Kh8) 40. e7 {[#] White threatens Qxd6 and mate.} Kxf7 {Precision: White = 72%, Black = 45%.} 1-0